Významný problém vo svete – chudoba

Popis hlavných príčin chudoby v jednotlivých regiónoch sveta a analýza vybraných indikátorov chudoby.

Enregistré dans:
Détails bibliographiques
Auteur principal: Veselovský, Ján
Autres auteurs: Peihoffner, Martin
Format: Chapitre de livre
Langue:slovaque
Sujets:
Tags: Ajouter un tag
Pas de tags, Soyez le premier à ajouter un tag!

MARC

LEADER 00000nla a2200000 4500
001 0243964
005 20240411151113.4
041 0 |a slo 
044 |a SK 
245 1 0 |a Významný problém vo svete – chudoba  |c Ján Veselovský, Martin Peihoffner 
520 |a Popis hlavných príčin chudoby v jednotlivých regiónoch sveta a analýza vybraných indikátorov chudoby. 
610 2 0 |a chudoba 
610 2 0 |a regióny 
610 2 0 |a demografia sociálna 
610 2 0 |a úroveň životná 
610 2 0 |a index rozvoja ľudského 
100 1 |a Veselovský, Ján 
700 1 |a Peihoffner, Martin